000 00741nam0a22002531 4500
001 RU\NLR\A1SV\102167
005 20251203171251.9
035 _a(NLR Aleph) 009783520
090 _a10105459
_c10105459
100 _a20100324d1923 u y0rusy50 ca
101 0 _arus
102 _aRU
200 1 _aБюджет рабочего к началу 1923 года
_fГ.С.Полляк
210 _aМ.
_d1923
215 _a41 с.
_d27 см
311 _aИз сб.: Вопр. заработ. платы
620 _dМосква
700 1 _aПолляк
_bГ.С.
_f1888-1954
_gГригорий Соломонович
801 0 _aRU
_bNLR
_c20100324
899 _aРНБ
_j57-7/1131
942 _cBOOK
980 _aNB
980 _aA1SV